000 00307nam a2200133Ia 4500
008 191201s2012 xx 000 0 und d
082 _a620.04
_bGIE
100 _aGILL, PS
245 0 _aEngineering Drawing
250 _arep
260 _c2012
_bS.K.Kataria
_aNEW DELHI
300 _a706
942 _2ddc
_cBK
_05
999 _c8033
_d8033